[Event "Scarborough CC Fall Swiss"]
[Site "Toronto CAN"]
[Date "2007.12.06"]
[Round "6"]
[White "Moysoski, Randy"]
[Black "Sherman, Joshua"]
[Result "0-1"]
[WhiteElo "1892"]
[BlackElo "1858"]
[PlyCount "78"]
[GameId "2160767910574569"]
[EventDate "2007.11.01"]
[EventType "swiss"]
[EventRounds "7"]
[EventCountry "CAN"]
[SourceTitle "EXT 2022"]
[Source "ChessBase"]
[SourceDate "2021.10.06"]
[SourceVersion "1"]
[SourceVersionDate "2021.10.06"]
[SourceQuality "1"]

1. e4 c5 2. Nc3 d6 3. g3 Nc6 4. Bg2 Nf6 5. d3 g6 6. Nh3 Bg7 7. O-O Bd7 8. f3 Qc8 9. Nf2 Rb8 10. Be3 b5 11. Qd2 O-O 12. g4 Ne8 13. Bh6 Nc7 14. h3 Be6 15. Bxg7 Kxg7 16. f4 Nd4 17. f5 Bd7 18. Ne2 Nxe2+ 19. Qxe2 f6 20. h4 b4 21. Nh3 Nb5 22. Qd2 Qe8 23. Nf4 e5 24. Nh3 Qe7 25. Rf2 h6 26. g5 fxg5 27. hxg5 hxg5 28. f6+ Rxf6 29. Qxg5 Rbf8 30. Raf1 Qe6 31. Qd2 Rxf2 32. Nxf2 Nd4 33. Qd1 Qxa2 34. Qa1 Ne2+ 35. Kh2 Rh8+ 36. Bh3 Qe6 37. Qxa7 Rxh3+ 38. Kg2 Rg3+ 39. Kh2 g5 0-1

[Event "Scarborough CC Fall Swiss"]
[Site "Toronto CAN"]
[Date "2007.12.06"]
[Round "6"]
[White "Rutherdale, William"]
[Black "Samaroo, Muneshwar"]
[Result "1-0"]
[WhiteElo "1820"]
[BlackElo "1590"]
[PlyCount "71"]
[GameId "2160767910574570"]
[EventDate "2007.11.01"]
[EventType "swiss"]
[EventRounds "7"]
[EventCountry "CAN"]
[SourceTitle "EXT 2022"]
[Source "ChessBase"]
[SourceDate "2021.10.06"]
[SourceVersion "1"]
[SourceVersionDate "2021.10.06"]
[SourceQuality "1"]

1. d4 Nf6 2. c4 e6 3. Nc3 Bb4 4. Qc2 c5 5. e3 Nc6 6. Nf3 d6 7. Bd3 Qa5 8. Bd2 Bxc3 9. Bxc3 Nb4 10. Qd2 Nxd3+ 11. Qxd3 Qa6 12. dxc5 dxc5 13. Bxf6 gxf6 14. O-O-O Ke7 15. Kb1 Qc6 16. Rd2 Bd7 17. Rhd1 Rhd8 18. Qxh7 Be8 19. Rxd8 Rxd8 20. Rxd8 Kxd8 21. h4 Qd6 22. Kc2 Ke7 23. h5 Bc6 24. Nh4 Kf8 25. h6 Qe5 26. Qg7+ Ke8 27. h7 Be4+ 28. Kb3 Bxh7 29. Qxh7 Qd6 30. Nf3 a5 31. Kc2 Qb6 32. Qg8+ Ke7 33. Qc8 Qb4 34. Nd2 a4 35. Qc7+ Kf8 36. a3 1-0

[Event "Scarborough CC Fall Swiss"]
[Site "Toronto CAN"]
[Date "2007.12.13"]
[Round "7"]
[White "Armstrong, Robert J"]
[Black "Arfin, Sam"]
[Result "1-0"]
[WhiteElo "1818"]
[BlackElo "1614"]
[PlyCount "59"]
[GameId "2160767910574571"]
[EventDate "2007.11.01"]
[EventType "swiss"]
[EventRounds "7"]
[EventCountry "CAN"]
[SourceTitle "EXT 2022"]
[Source "ChessBase"]
[SourceDate "2021.10.06"]
[SourceVersion "1"]
[SourceVersionDate "2021.10.06"]
[SourceQuality "1"]

1. d4 Nf6 2. c4 c5 3. d5 b5 4. cxb5 a6 5. Nc3 d6 6. e4 Nbd7 7. f4 Nb6 8. Bd3 Bg4 9. Nf3 g6 10. O-O Bg7 11. h3 Bxf3 12. Qxf3 Qc7 13. bxa6 c4 14. Bc2 Rxa6 15. Bd2 Nfd7 16. Rae1 Qc5+ 17. Kh1 Qb4 18. b3 cxb3 19. Bxb3 Nc5 20. e5 Nxb3 21. axb3 O-O 22. exd6 exd6 23. Ne4 Qa3 24. Qd3 Rc8 25. Nxd6 Rd8 26. Re8+ Rxe8 27. Nxe8 Bh6 28. Nf6+ Kf8 29. Qe4 Ra8 30. Bb4+ 1-0

[Event "Scarborough CC Fall Swiss"]
[Site "Toronto CAN"]
[Date "2007.12.13"]
[Round "7"]
[White "Deiseach, Donald"]
[Black "Casareno, Erwin"]
[Result "0-1"]
[WhiteElo "1921"]
[BlackElo "2003"]
[PlyCount "70"]
[GameId "2160767910574572"]
[EventDate "2007.11.01"]
[EventType "swiss"]
[EventRounds "7"]
[EventCountry "CAN"]
[SourceTitle "EXT 2022"]
[Source "ChessBase"]
[SourceDate "2021.10.06"]
[SourceVersion "1"]
[SourceVersionDate "2021.10.06"]
[SourceQuality "1"]

1. d4 d5 2. c4 c6 3. Nf3 Nf6 4. Nc3 a6 5. e3 b5 6. b3 Bg4 7. Be2 e6 8. O-O Bb4 9. Bb2 Nbd7 10. Qc2 O-O 11. Rad1 Qe7 12. Ne5 Bf5 13. Qc1 Bd6 14. cxb5 cxb5 15. f4 Rfc8 16. g4 Bxe5 17. gxf5 Bd6 18. Qb1 b4 19. Na4 Ne4 20. fxe6 fxe6 21. Bd3 Ndf6 22. Rc1 Qf7 23. Rxc8+ Rxc8 24. Qe1 Qg6+ 25. Kh1 Ng4 26. Bb1 Ngf2+ 27. Rxf2 Nxf2+ 28. Qxf2 Qxb1+ 29. Qg1 Qe4+ 30. Qg2 Qxe3 31. Nc5 Bxc5 32. dxc5 Qe1+ 33. Qg1 Qe4+ 34. Qg2 Qb1+ 35. Qg1 Qxb2 0-1

[Event "Scarborough CC Fall Swiss"]
[Site "Toronto CAN"]
[Date "2007.12.13"]
[Round "7"]
[White "Ferreira, Alex"]
[Black "Paterson, Jim"]
[Result "1/2-1/2"]
[WhiteElo "2023"]
[BlackElo "1850"]
[PlyCount "98"]
[GameId "2160767910574573"]
[EventDate "2007.11.01"]
[EventType "swiss"]
[EventRounds "7"]
[EventCountry "CAN"]
[SourceTitle "EXT 2022"]
[Source "ChessBase"]
[SourceDate "2021.10.06"]
[SourceVersion "1"]
[SourceVersionDate "2021.10.06"]
[SourceQuality "1"]

1. d4 Nf6 2. Bg5 c5 3. Nf3 e6 4. e4 Qa5+ 5. Qd2 Qxd2+ 6. Nbxd2 cxd4 7. Nxd4 a6 8. Bxf6 gxf6 9. O-O-O Nc6 10. Nc4 Nxd4 11. Rxd4 Bc5 12. Rd2 b5 13. Nd6+ Ke7 14. Nxc8+ Rhxc8 15. Bd3 Bd6 16. g3 h6 17. Rhd1 Bb4 18. c3 Rc7 19. Kb1 Ba5 20. f4 b4 21. cxb4 Bxb4 22. Rc2 Rxc2 23. Kxc2 Ra7 24. Kb3 a5 25. a3 Bd6 26. Ka4 Rb7 27. Bb5 Ra7 28. Rd2 Bc5 29. Rd3 d6 30. Rb3 Bb6 31. Bc6 Bc7 32. Kb5 Bd8 33. Rd3 Bc7 34. b3 Bd8 35. g4 Kf8 36. Rxd6 Be7 37. Rd3 Bxa3 38. Kb6 Re7 39. Kxa5 Bc1 40. b4 Bxf4 41. b5 Bxh2 42. b6 f5 43. gxf5 exf5 44. Rh3 Bb8 45. Rxh6 Kg7 46. Rh4 fxe4 47. Bxe4 f5 48. Bg2 Kf6 49. Rh8 Bc7 1/2-1/2

[Event "Scarborough CC Fall Swiss"]
[Site "Toronto CAN"]
[Date "2007.12.13"]
[Round "7"]
[White "Hall, John2"]
[Black "Bellomo, Joe"]
[Result "1-0"]
[WhiteElo "2112"]
[BlackElo "1723"]
[PlyCount "89"]
[GameId "2160767910574574"]
[EventDate "2007.11.01"]
[EventType "swiss"]
[EventRounds "7"]
[EventCountry "CAN"]
[SourceTitle "EXT 2022"]
[Source "ChessBase"]
[SourceDate "2021.10.06"]
[SourceVersion "1"]
[SourceVersionDate "2021.10.06"]
[SourceQuality "1"]

1. b3 d5 2. e3 Nf6 3. Bb2 e6 4. f4 Be7 5. Nf3 O-O 6. Be2 c5 7. O-O Nc6 8. Ne5 d4 9. Nxc6 bxc6 10. Na3 dxe3 11. dxe3 Qxd1 12. Raxd1 Nd5 13. Nc4 Ba6 14. Kf2 Bxc4 15. Bxc4 Nb4 16. a3 Nd5 17. Kf3 f5 18. g3 Bf6 19. Bxf6 Rxf6 20. Rd3 a5 21. Re1 Raf8 22. h4 h5 23. e4 fxe4+ 24. Rxe4 g6 25. Re5 Kg7 26. Rd1 Nxf4 27. Rd7+ Kh6 28. gxf4 Rxf4+ 29. Ke2 Rf2+ 30. Kd3 R8f3+ 31. Re3 Rf4 32. Rxe6 Rxh4 33. Kc3 Rg4 34. Rxc6 h4 35. Rd8 Rg3+ 36. Bd3 h3 37. Rh8+ Kg7 38. Rcc8 Rfg2 39. Rh4 h2 40. Rch8 Kf6 41. Rxh2 Rg1 42. Rf8+ Ke7 43. Ra8 Re1 44. Rxa5 Kd6 45. Rh6 1-0

[Event "Scarborough CC Fall Swiss"]
[Site "Toronto CAN"]
[Date "2007.12.13"]
[Round "7"]
[White "Lamb, Bryan"]
[Black "Marsh, Cassius"]
[Result "1-0"]
[WhiteElo "2229"]
[BlackElo "2101"]
[PlyCount "54"]
[GameId "2160767910574575"]
[EventDate "2007.11.01"]
[EventType "swiss"]
[EventRounds "7"]
[EventCountry "CAN"]
[SourceTitle "EXT 2022"]
[Source "ChessBase"]
[SourceDate "2021.10.06"]
[SourceVersion "1"]
[SourceVersionDate "2021.10.06"]
[SourceQuality "1"]

1. e4 e5 2. Nf3 Nf6 3. Nxe5 d6 4. Nf3 Nxe4 5. Qe2 Qe7 6. d3 Nf6 7. Bg5 Qxe2+ 8. Bxe2 Be7 9. Nc3 c6 10. Ne4 Nxe4 11. dxe4 Bxg5 12. Nxg5 h6 13. Nf3 Bg4 14. Nd4 Bxe2 15. Kxe2 g6 16. h4 h5 17. Rh3 Nd7 18. Rd1 O-O-O 19. Re3 Ne5 20. b3 Ng4 21. Rc3 d5 22. f3 Nf6 23. Nxc6 Nxe4 24. fxe4 bxc6 25. exd5 Kb7 26. dxc6+ Kc7 27. Rxd8 Rxd8 1-0

[Event "Scarborough CC Fall Swiss"]
[Site "Toronto CAN"]
[Date "2007.12.13"]
[Round "7"]
[White "Morra, Lui"]
[Black "Rutherdale, William"]
[Result "1/2-1/2"]
[WhiteElo "1542"]
[BlackElo "1820"]
[PlyCount "94"]
[GameId "2160767910574576"]
[EventDate "2007.11.01"]
[EventType "swiss"]
[EventRounds "7"]
[EventCountry "CAN"]
[SourceTitle "EXT 2022"]
[Source "ChessBase"]
[SourceDate "2021.10.06"]
[SourceVersion "1"]
[SourceVersionDate "2021.10.06"]
[SourceQuality "1"]

1. e4 d6 2. d4 Nf6 3. Nc3 g6 4. Bc4 Bg7 5. Bg5 c5 6. Nge2 Qa5 7. Qd2 a6 8. e5 cxd4 9. exf6 dxc3 10. Nxc3 exf6 11. Bh6 Qe5+ 12. Kf1 O-O 13. Bxg7 Kxg7 14. Re1 Qc5 15. Bb3 Nc6 16. h4 h5 17. Ne4 Qd4 18. Qf4 Bf5 19. Qf3 Rfe8 20. c3 Bxe4 21. cxd4 Bxf3 22. gxf3 Rxe1+ 23. Kxe1 Nxd4 24. Bd5 Re8+ 25. Kd2 b6 26. Kd3 Nf5 27. Rc1 Re5 28. Bb7 Rc5 29. Rxc5 bxc5 30. Bxa6 Kf8 31. Bb7 Ke7 32. Bd5 Nd4 33. a4 g5 34. hxg5 fxg5 35. a5 Nb5 36. Ke4 f6 37. a6 h4 38. Kf5 Na7 39. f4 gxf4 40. Kxf4 h3 41. Kg3 h2 42. Kxh2 f5 43. Kg3 Kf6 44. Kf4 Nb5 45. Bg8 Na7 46. Bh7 d5 47. Bxf5 Nb5 1/2-1/2

[Event "Scarborough CC Fall Swiss"]
[Site "Toronto CAN"]
[Date "2007.12.13"]
[Round "7"]
[White "Yuan, Yuanling"]
[Black "Stein, Mickey"]
[Result "1-0"]
[WhiteElo "2146"]
[BlackElo "1955"]
[PlyCount "95"]
[GameId "2160767910574577"]
[EventDate "2007.11.01"]
[EventType "swiss"]
[EventRounds "7"]
[EventCountry "CAN"]
[SourceTitle "EXT 2022"]
[Source "ChessBase"]
[SourceDate "2021.10.06"]
[SourceVersion "1"]
[SourceVersionDate "2021.10.06"]
[SourceQuality "1"]

1. e4 c6 2. d4 d5 3. f3 dxe4 4. fxe4 e5 5. Nf3 exd4 6. Qxd4 Qxd4 7. Nxd4 Nf6 8. Bd3 Bc5 9. Nb3 Bb6 10. h3 Be6 11. Bf4 Nbd7 12. N1d2 O-O-O 13. O-O-O Nc5 14. Nxc5 Bxc5 15. Kb1 h6 16. Rhe1 Rhe8 17. Bh2 Bb6 18. e5 Nd7 19. Nc4 Bc7 20. Nd6+ Bxd6 21. exd6 Nb6 22. b3 Nd5 23. Kb2 g5 24. c4 Nf4 25. Bxf4 gxf4 26. Be4 c5 27. Bf3 Bd7 28. Re7 Rxe7 29. dxe7 Re8 30. Bxb7+ Kc7 31. Bf3 Rxe7 32. Rd5 Kb6 33. Rd6+ Kc7 34. Rxh6 Re6 35. Rh5 Kb6 36. Rf5 Re2+ 37. Bxe2 Bxf5 38. Bf3 a5 39. Kc3 Kc7 40. a3 Kd6 41. b4 axb4+ 42. axb4 cxb4+ 43. Kxb4 Bd3 44. c5+ Kc7 45. Kc3 Bb1 46. Kd4 f6 47. Kd5 Bh7 48. Ke6 1-0

[Event "Scarborough CC Fall Swiss"]
[Site "Toronto CAN"]
[Date "2007.12.13"]
[Round "7"]
[White "Zeromskis, Egidijus"]
[Black "Moran-Venegas, Mario"]
[Result "1-0"]
[WhiteElo "2100"]
[BlackElo "1723"]
[PlyCount "67"]
[GameId "2160767910574578"]
[EventDate "2007.11.01"]
[EventType "swiss"]
[EventRounds "7"]
[EventCountry "CAN"]
[SourceTitle "EXT 2022"]
[Source "ChessBase"]
[SourceDate "2021.10.06"]
[SourceVersion "1"]
[SourceVersionDate "2021.10.06"]
[SourceQuality "1"]

1. e4 c6 2. d4 d5 3. Nc3 dxe4 4. Nxe4 Nd7 5. Nf3 Ngf6 6. Neg5 e6 7. Bc4 Bd6 8. Nxf7 Kxf7 9. Ng5+ Ke7 10. Nxe6 Qa5+ 11. Bd2 Qh5 12. Qxh5 Nxh5 13. Bb3 Ndf6 14. Ng5 h6 15. Nf7 Rf8 16. Nxd6 Kxd6 17. Bb4+ Kc7 18. Bxf8 Bg4 19. Bb4 Re8+ 20. Kf1 Be2+ 21. Kg1 Nd5 22. Bxd5 cxd5 23. Re1 Nf4 24. Bd2 g5 25. Bxf4+ gxf4 26. f3 Bb5 27. Rxe8 Bxe8 28. Kf2 Bg6 29. c3 Kd6 30. Re1 b5 31. Re5 a6 32. h4 a5 33. b4 a4 34. a3 1-0

[Event "Scarborough CC Fall Swiss"]
[Site "Toronto CAN"]
[Date "2007.12.20"]
[Round "8"]
[White "Casareno, Erwin"]
[Black "Lamb, Bryan"]
[Result "1/2-1/2"]
[WhiteElo "2003"]
[BlackElo "2229"]
[PlyCount "86"]
[GameId "2160767910574579"]
[EventDate "2007.11.01"]
[EventType "swiss"]
[EventRounds "7"]
[EventCountry "CAN"]
[SourceTitle "EXT 2022"]
[Source "ChessBase"]
[SourceDate "2021.10.06"]
[SourceVersion "1"]
[SourceVersionDate "2021.10.06"]
[SourceQuality "1"]

1. e4 c5 2. Nf3 d6 3. d4 cxd4 4. Nxd4 Nf6 5. Nc3 g6 6. f3 Bg7 7. Be3 O-O 8. Qd2 Nc6 9. g4 Be6 10. h4 Nxd4 11. Bxd4 Qa5 12. h5 Rfc8 13. h6 Bh8 14. g5 Nd7 15. Bxh8 Kxh8 16. f4 Rc6 17. Bh3 Qc5 18. Bxe6 fxe6 19. O-O-O Rac8 20. Rh3 b5 21. a3 a5 22. Rh2 b4 23. Nb1 Qc4 24. Qd4+ e5 25. Qxc4 Rxc4 26. fxe5 Nc5 27. c3 Nxe4 28. exd6 exd6 29. axb4 axb4 30. Re2 bxc3 31. Nxc3 Nxc3 32. bxc3 Rxc3+ 33. Kd2 Rc2+ 34. Ke1 Rxe2+ 35. Kxe2 Re8+ 36. Kf3 Kg8 37. Rxd6 Kf7 38. Kf4 Ke7 39. Ke5 Kf7+ 40. Kd5 Re1 41. Rd7+ Re7 42. Rd8 Re8 43. Rd6 Re1 1/2-1/2

[Event "Scarborough CC Fall Swiss"]
[Site "Toronto CAN"]
[Date "2007.12.20"]
[Round "8"]
[White "Hall, John2"]
[Black "Armstrong, Robert J"]
[Result "1-0"]
[WhiteElo "2112"]
[BlackElo "1818"]
[PlyCount "83"]
[GameId "2160767910574580"]
[EventDate "2007.11.01"]
[EventType "swiss"]
[EventRounds "7"]
[EventCountry "CAN"]
[SourceTitle "EXT 2022"]
[Source "ChessBase"]
[SourceDate "2021.10.06"]
[SourceVersion "1"]
[SourceVersionDate "2021.10.06"]
[SourceQuality "1"]

1. b3 Nf6 2. Bb2 g6 3. Bxf6 exf6 4. c4 Bg7 5. Nc3 O-O 6. g3 c6 7. Bg2 Na6 8. e3 Nc7 9. Nge2 f5 10. Rb1 b6 11. b4 Rb8 12. O-O Bb7 13. d4 d5 14. cxd5 Nxd5 15. Nxd5 cxd5 16. Qb3 Qd7 17. Nc3 Rfd8 18. Rfc1 Bf8 19. Rc2 a5 20. a3 axb4 21. axb4 Bg7 22. Ra2 Ra8 23. Rxa8 Bxa8 24. Ra1 g5 25. Ra6 Qc6 26. b5 Qd6 27. Ra7 f4 28. Qa2 fxe3 29. fxe3 Qe6 30. Kf2 Re8 31. Qd2 Qf5+ 32. Kg1 g4 33. Qf2 Qe6 34. Rxa8 Rxa8 35. Bxd5 Ra1+ 36. Kg2 Qg6 37. Ne4 Qh5 38. Ng5 Ra7 39. Qf5 Bf8 40. e4 Rc7 41. e5 Be7 42. Bxf7+ 1-0

[Event "Scarborough CC Fall Swiss"]
[Site "Toronto CAN"]
[Date "2007.12.20"]
[Round "8"]
[White "Kurkowski, Ken"]
[Black "Mesiti, Silvano"]
[Result "0-1"]
[WhiteElo "1758"]
[BlackElo "1742"]
[PlyCount "70"]
[GameId "2160767910574581"]
[EventDate "2007.11.01"]
[EventType "swiss"]
[EventRounds "7"]
[EventCountry "CAN"]
[SourceTitle "EXT 2022"]
[Source "ChessBase"]
[SourceDate "2021.10.06"]
[SourceVersion "1"]
[SourceVersionDate "2021.10.06"]
[SourceQuality "1"]

1. e4 e5 2. Nf3 d6 3. Bc4 Be7 4. O-O Nf6 5. Re1 O-O 6. c3 Bg4 7. h3 Bh5 8. d4 Nbd7 9. Nbd2 c6 10. b3 Qb6 11. Bb2 d5 12. Bd3 exd4 13. exd5 dxc3 14. Nc4 Qd8 15. Bxc3 Nxd5 16. Bb2 Bf6 17. Bxf6 Qxf6 18. Be4 N7b6 19. Nce5 Rfe8 20. g4 Bg6 21. Nxg6 hxg6 22. Qd4 Re7 23. Qxf6 Nxf6 24. Bc2 Rae8 25. Kf1 Nfd5 26. Rad1 Kf8 27. Rxe7 Rxe7 28. Ng5 Ke8 29. Re1 Rxe1+ 30. Kxe1 Nf4 31. Kd2 Nbd5 32. Be4 f6 33. Bxd5 cxd5 34. Nf3 Nxh3 35. Ke3 Kf7 0-1

[Event "Scarborough CC Fall Swiss"]
[Site "Toronto CAN"]
[Date "2007.12.20"]
[Round "8"]
[White "Paterson, Jim"]
[Black "Bellomo, Joe"]
[Result "1-0"]
[WhiteElo "1850"]
[BlackElo "1723"]
[PlyCount "113"]
[GameId "2160767910574582"]
[EventDate "2007.11.01"]
[EventType "swiss"]
[EventRounds "7"]
[EventCountry "CAN"]
[SourceTitle "EXT 2022"]
[Source "ChessBase"]
[SourceDate "2021.10.06"]
[SourceVersion "1"]
[SourceVersionDate "2021.10.06"]
[SourceQuality "1"]

1. b3 Nf6 2. Bb2 e6 3. e3 d5 4. f4 c5 5. Nf3 Nc6 6. Bd3 Be7 7. O-O O-O 8. a3 d4 9. e4 b6 10. Qe1 Bb7 11. h3 Nd7 12. g4 e5 13. f5 Na5 14. Bb5 Nc6 15. d3 a6 16. Bxc6 Bxc6 17. Bc1 g6 18. Bh6 Re8 19. Qg3 Bf8 20. Bxf8 Nxf8 21. Nbd2 b5 22. Kh2 f6 23. g5 Ra7 24. gxf6 Qxf6 25. Nh4 g5 26. Rg1 Rg7 27. Nhf3 h6 28. Qg4 Ree7 29. Qh5 Be8 30. Qg4 h5 31. Qg3 g4 32. Qh4 Nh7 33. hxg4 hxg4 34. Rxg4 Rxg4 35. Qxg4+ Rg7 36. Qh4 Ng5 37. Rg1 Rh7 38. Rxg5+ Kh8 39. Qxh7+ Kxh7 40. Kg2 Bf7 41. Rg3 c4 42. bxc4 bxc4 43. Ng5+ Kh8 44. Nxf7+ Qxf7 45. Nxc4 Qf6 46. Rg6 Qh4 47. Nxe5 Qe1 48. Kf3 Qe3+ 49. Kg4 Qg1+ 50. Kf4 Qh2+ 51. Rg3 Qxc2 52. Nf7+ Kh7 53. e5 Qd2+ 54. Kg4 Qe2+ 55. Kf4 Qf2+ 56. Kg4 Qe2+ 57. Kf4 1-0

[Event "Scarborough CC Fall Swiss"]
[Site "Toronto CAN"]
[Date "2007.12.20"]
[Round "8"]
[White "Rutherdale, William"]
[Black "Fan, Yibing"]
[Result "1-0"]
[WhiteElo "1820"]
[BlackElo "1866"]
[PlyCount "111"]
[GameId "2160767910574583"]
[EventDate "2007.11.01"]
[EventType "swiss"]
[EventRounds "7"]
[EventCountry "CAN"]
[SourceTitle "EXT 2022"]
[Source "ChessBase"]
[SourceDate "2021.10.06"]
[SourceVersion "1"]
[SourceVersionDate "2021.10.06"]
[SourceQuality "1"]

1. d4 d5 2. c4 dxc4 3. e4 e5 4. Nf3 Bg4 5. Bxc4 Bxf3 6. Qxf3 Qf6 7. Qb3 Nd7 8. Nc3 Bd6 9. Nd5 Qg6 10. O-O Rb8 11. f4 exd4 12. e5 Nc5 13. Qh3 Qc2 14. b3 c6 15. Nb4 Qc3 16. Qxc3 dxc3 17. exd6 Nf6 18. Re1+ Nfe4 19. Be3 Kd7 20. Bxc5 Nxc5 21. Bxf7 Rhf8 22. Bh5 Rxf4 23. Rad1 g6 24. Re7+ Kd8 25. Nc2 gxh5 26. Rxh7 Nd7 27. Re1 b5 28. Rxh5 Rf6 29. Rh8+ Rf8 30. Rxf8+ Nxf8 31. Re3 Kd7 32. Rxc3 Kxd6 33. Nd4 c5 34. Nf3 Ne6 35. Kf2 Kd5 36. h4 a5 37. g4 Rf8 38. Kg3 Rf4 39. Re3 Re4 40. Rxe4 Kxe4 41. g5 c4 42. bxc4 bxc4 43. Ne1 c3 44. Kg4 Ke3 45. h5 Kd2 46. h6 Kxe1 47. h7 c2 48. h8=Q c1=Q 49. Qe5+ Kd1 50. Qxe6 Qc2 51. Qb3 a4 52. Qxc2+ Kxc2 53. g6 Kb2 54. g7 Kxa2 55. g8=Q+ Kb2 56. Qb8+ 1-0

[Event "Scarborough CC Fall Swiss"]
[Site "Toronto CAN"]
[Date "2007.12.20"]
[Round "8"]
[White "Sherman, Joshua"]
[Black "Ferreira, Alex"]
[Result "0-1"]
[WhiteElo "1853"]
[BlackElo "2023"]
[PlyCount "59"]
[GameId "2160767910574584"]
[EventDate "2007.11.01"]
[EventType "swiss"]
[EventRounds "7"]
[EventCountry "CAN"]
[SourceTitle "EXT 2022"]
[Source "ChessBase"]
[SourceDate "2021.10.06"]
[SourceVersion "1"]
[SourceVersionDate "2021.10.06"]
[SourceQuality "1"]

1. e4 e5 2. Nc3 Nc6 3. f4 exf4 4. Nf3 Be7 5. Bc4 Bh4+ 6. Kf1 d6 7. d4 Bg4 8. Bxf4 Bxf3 9. Qxf3 Nxd4 10. Qh3 Bf6 11. Rd1 Ne7 12. Nb5 Nxb5 13. e5 Nc6 14. Bxb5 Bg5 15. Bxc6+ bxc6 16. Qf3 O-O 17. exd6 Bxf4 18. Qxf4 cxd6 19. Rxd6 Qb6 20. Qd4 Qb5+ 21. c4 Qf5+ 22. Ke2 Rae8+ 23. Kd2 c5 24. Rd5 Qg6 25. Qf2 Qb6 26. Kc1 Qa6 27. b3 Qa5 28. Rhd1 Re6 29. Qd2 Qc7 30. g3 0-1

[Event "Scarborough CC Fall Swiss"]
[Site "Toronto CAN"]
[Date "2007.12.20"]
[Round "8"]
[White "Wu, Aaron"]
[Black "Douglas, Richard"]
[Result "1/2-1/2"]
[WhiteElo "1675"]
[BlackElo "1758"]
[PlyCount "78"]
[GameId "2160767910574585"]
[EventDate "2007.11.01"]
[EventType "swiss"]
[EventRounds "7"]
[EventCountry "CAN"]
[SourceTitle "EXT 2022"]
[Source "ChessBase"]
[SourceDate "2021.10.06"]
[SourceVersion "1"]
[SourceVersionDate "2021.10.06"]
[SourceQuality "1"]

1. d4 Nf6 2. c4 g6 3. Nc3 Bg7 4. e4 d6 5. Nge2 O-O 6. Ng3 Nbd7 7. h4 c5 8. d5 Ne5 9. h5 Bg4 10. Be2 Qd7 11. Rh4 Bxe2 12. Qxe2 e6 13. f4 Neg4 14. Rxg4 Nxg4 15. Qxg4 f5 16. Qh3 Bxc3+ 17. bxc3 Qg7 18. Bd2 exd5 19. cxd5 Rae8 20. O-O-O fxe4 21. hxg6 hxg6 22. f5 e3 23. Be1 Re5 24. c4 e2 25. Nxe2 Rxe2 26. Bc3 Qh7 27. Qxh7+ Kxh7 28. Rh1+ Kg8 29. fxg6 Re5 30. Bxe5 dxe5 31. Re1 Rf6 32. Rxe5 Rxg6 33. Re2 Kf7 34. Kc2 a6 35. a4 Rg4 36. Kb3 Rg3+ 37. Kb2 Rg4 38. Rc2 Ke7 39. a5 Kd7 1/2-1/2

[Event "Scarborough CC Fall Swiss"]
[Site "Toronto CAN"]
[Date "2007.12.20"]
[Round "8.2"]
[White "Stein, Mickey"]
[Black "Zeromskis, Egidijus"]
[Result "1-0"]
[WhiteElo "1961"]
[BlackElo "2100"]
[PlyCount "115"]
[GameId "2160767910574586"]
[EventDate "2007.11.01"]
[EventType "swiss"]
[EventRounds "7"]
[EventCountry "CAN"]
[SourceTitle "EXT 2022"]
[Source "ChessBase"]
[SourceDate "2021.10.06"]
[SourceVersion "1"]
[SourceVersionDate "2021.10.06"]
[SourceQuality "1"]

1. e4 Nf6 2. e5 Nd5 3. c4 Nb6 4. d4 d6 5. exd6 cxd6 6. Nc3 g6 7. Bd3 Bg7 8. Be3 Nc6 9. Rc1 O-O 10. Nge2 Nb4 11. b3 Nxd3+ 12. Qxd3 Bf5 13. Qd2 a5 14. a4 Rc8 15. Bh6 e5 16. Bxg7 Kxg7 17. O-O f6 18. Ng3 Be6 19. f4 exd4 20. Qxd4 d5 21. c5 Nd7 22. Nb5 Nb8 23. f5 Nc6 24. Qe3 Bf7 25. fxg6 hxg6 26. Nd6 Ne7 27. Nxc8 Nxc8 28. Qd4 Na7 29. Qg4 Rh8 30. Nf5+ Kf8 31. Nd6 f5 32. Qg3 Qd7 33. Qe5 Rh4 34. Qf6 Qe7 35. Qxe7+ Kxe7 36. Rfe1+ Kf8 37. Nxb7 d4 38. Nxa5 Bd5 39. c6 Rg4 40. g3 d3 41. Red1 Rd4 42. Rd2 Be4 43. c7 Nc8 44. Rc4 Rd6 45. b4 Ra6 46. Rd4 Rd6 47. Rxd6 Nxd6 48. b5 Ke7 49. b6 Kd7 50. Kf2 g5 51. Ke3 Kc8 52. Kd4 Ne8 53. Nc4 Kb7 54. a5 Kc8 55. Kc5 f4 56. Nd6+ Nxd6 57. Kxd6 f3 58. a6 1-0

[Event "Scarborough CC Fall Swiss U1700"]
[Site "Toronto CAN"]
[Date "2007.11.01"]
[Round "1"]
[White "Amitzia, Gabriel"]
[Black "Verde, Pino"]
[Result "0-1"]
[WhiteElo "1543"]
[BlackElo "1652"]
[PlyCount "94"]
[GameId "2160767910574587"]
[EventDate "2007.11.01"]
[EventType "swiss"]
[EventRounds "8"]
[EventCountry "CAN"]
[SourceTitle "EXT 2022"]
[Source "ChessBase"]
[SourceDate "2021.10.06"]
[SourceVersion "1"]
[SourceVersionDate "2021.10.06"]
[SourceQuality "1"]

1. d4 Nf6 2. c4 e5 3. a3 exd4 4. Qxd4 Nc6 5. Qd1 Bc5 6. e3 a5 7. Nc3 d6 8. Bd3 Ne5 9. h3 c6 10. Nf3 Nxd3+ 11. Qxd3 Qe7 12. b3 h6 13. Ra2 O-O 14. Rd2 Re8 15. Rd1 Bd7 16. a4 Bb4 17. O-O Bxc3 18. Qxc3 Ne4 19. Qc2 Bf5 20. Nd4 Bg6 21. Qb2 Rac8 22. Ne2 Qg5 23. f3 Ng3 24. Nxg3 Qxg3 25. Qd2 d5 26. c5 Bf5 27. Qf2 Qg6 28. Kh1 Bc2 29. Rd4 h5 30. Qd2 Bxb3 31. Qxa5 Bc4 32. Re1 Qg3 33. e4 Ra8 34. Qb4 Rxa4 35. Bf4 Qf2 36. Be3 Qxe3 37. Qxa4 Qxe1+ 38. Kh2 Qf2 39. Qa1 Bf1 40. Rd2 Qxd2 41. Qxf1 dxe4 42. fxe4 Rxe4 43. Qf5 Qd5 44. Qc8+ Kh7 45. Qxb7 Qe5+ 46. Kg1 Re1+ 47. Kf2 Qe3# 0-1

[Event "Scarborough CC Fall Swiss U1700"]
[Site "Toronto CAN"]
[Date "2007.11.01"]
[Round "1"]
[White "Dattani, Dinesh"]
[Black "Ward, Dean"]
[Result "0-1"]
[WhiteElo "1397"]
[BlackElo "1613"]
[PlyCount "50"]
[GameId "2160767910574588"]
[EventDate "2007.11.01"]
[EventType "swiss"]
[EventRounds "8"]
[EventCountry "CAN"]
[SourceTitle "EXT 2022"]
[Source "ChessBase"]
[SourceDate "2021.10.06"]
[SourceVersion "1"]
[SourceVersionDate "2021.10.06"]
[SourceQuality "1"]

1. d4 d5 2. c4 e6 3. Nf3 Nf6 4. Nc3 Nbd7 5. e3 Bb4 6. a3 Bxc3+ 7. bxc3 O-O 8. Bd3 b6 9. cxd5 exd5 10. O-O Ne4 11. Qc2 Ndf6 12. Ne5 Bb7 13. f3 Nd6 14. a4 a5 15. Ba3 Re8 16. Rac1 Ba6 17. c4 dxc4 18. Bxd6 cxd3 19. Qxc7 Qxc7 20. Rxc7 Nd5 21. Kf2 Nxc7 22. Bxc7 Rac8 23. Bxb6 Rc2+ 24. Ke1 d2+ 25. Kd1 Bxf1 0-1